LDR 00655naa#a2200181#i#450# 001 EN\\bibl\121191 005 20260513074924.3 011 ## _a2409-1073 100 ## _a20141121b2014####ek#y0engy0150####ca 101 0# _aRUS 102 ## _aRU 200 1# _aFeatures of the Present Stage of Development of the System of National Accounts in Russia _eJournal article 210 1# _aMoscow _cNational Research University of Electronic Technology _d2014 215 ## _a10 с. 608 ## _aJournal article _2local 675 ## _aНароднохозяйственные балансы. Национальные счета. 330.53 _zRUS 700 #1 _aGirbasova _gE M 856 4# _aesgi-journal.ru _u